[Event "7th Kavalier Open"]
[Site "Vienna AUT"]
[Date "2012.10.25"]
[Round "1.1"]
[White "Meixner,Peter"]
[Black "Stanec,N"]
[Result "0-1"]
[WhiteElo "1749"]
[BlackElo "2515"]

1.d4 Nf6 2.c4 g6 3.Nc3 Bg7 4.e4 d6 5.Nf3 O-O 6.Be2 Nbd7 7.O-O e5 8.dxe5 dxe5
9.Bg5 h6 10.Bh4 c6 11.Qc2 Qc7 12.h3 a5 13.a4 Nc5 14.Bg3 Nh5 15.Bh2 Nf4 16.Rad1 Re8
17.b3 Qb6 18.Rb1 Nfe6 19.Bxe5 Bxe5 20.Nxe5 Nd4  0-1

[Event "Chigorin Mem Rapid"]
[Site "St Petersburg RUS"]
[Date "2012.10.26"]
[Round "5.9"]
[White "Grigoriants,S RUS"]
[Black "Iordachescu,V"]
[Result "0-1"]
[WhiteElo "2578"]
[BlackElo "2637"]

1.Nf3 g6 2.c4 Bg7 3.d4 Nf6 4.Nc3 O-O 5.e4 d6 6.Be2 Nbd7 7.O-O e5 8.Re1 Re8
9.d5 a5 10.Bf1 Nc5 11.b3 Bg4 12.h3 Bd7 13.g3 Rf8 14.Bg2 b6 15.Rb1 Qc8 16.Kh2 Ne8
17.Qe2 f5 18.Nd2 Nf6 19.a3 fxe4 20.Ndxe4 Nfxe4 21.Nxe4 Nxe4 22.Bxe4 Bxh3
23.f3 Bf5 24.g4 Bxe4 25.Qxe4 Qd8 26.Kg2 Bf6 27.f4 Qd7 28.f5 gxf5 29.gxf5 Kh8
30.Kh1 Qf7 31.Rb2 Rg8 32.Rh2 Rg3 33.Rg1 Rxg1+ 34.Kxg1 Rg8+ 35.Kf1 Bg5 36.Bxg5 Rxg5
37.Rf2 Qh5 38.Qd3 Kg7 39.f6+ Kf7 40.b4 axb4 41.axb4 Qg6 42.Qxg6+ Rxg6 43.Ra2 Kxf6
44.Ra7 Rg7 45.c5 bxc5 46.bxc5 dxc5 47.Ke2 h5 48.Ra6+ Kf5 49.Rh6 Ke4 50.Rxh5 Kxd5  0-1

[Event "Vizag GM Open 2012"]
[Site "Visakhapatnam IND"]
[Date "2012.10.26"]
[Round "1.13"]
[White "Laxman,R"]
[Black "Rajeev,V"]
[Result "1-0"]
[WhiteElo "2474"]
[BlackElo "1767"]

1.Nf3 Nf6 2.c4 g6 3.Nc3 Bg7 4.e4 d6 5.d4 O-O 6.Be2 Nbd7 7.O-O e5 8.Re1 Re8
9.d5 Nc5 10.Bf1 a5 11.Rb1 Rf8 12.Nd2 Ne8 13.b3 f5 14.a3 f4 15.b4 axb4 16.axb4 Nd7
17.Nb3 Ndf6 18.c5 g5 19.Bd2 g4 20.g3 Nh5 21.Qe2 Bh6 22.Ra1 Rxa1 23.Rxa1 Qf6
24.Ra8 Neg7 25.Nb5 Qd8 26.Na7 Qd7 27.Qb5 Nf6 28.Rxc8 Rxc8 29.Qxd7 Nxd7 30.Nxc8 dxc5
31.Nxc5 Nxc5 32.bxc5 Kf8 33.Bc3 fxg3 34.hxg3  1-0

[Event "16th Unive Open"]
[Site "Hoogeveen NED"]
[Date "2012.10.27"]
[Round "9"]
[White "Lindgren,P"]
[Black "Schoehuijs,E"]
[Result "0-1"]
[WhiteElo "2265"]
[BlackElo "2123"]

1.d4 Nf6 2.c4 g6 3.Nc3 Bg7 4.e4 d6 5.Be2 O-O 6.Nf3 e5 7.O-O exd4 8.Nxd4 Re8
9.f3 Nc6 10.Be3 Nh5 11.Qd2 f5 12.Nxc6 bxc6 13.Bg5 Bf6 14.Bxf6 Nxf6 15.Bd3 fxe4
16.Nxe4 Bf5 17.Nc3 Bxd3 18.Qxd3 Qb8 19.Na4 Qb4 20.b3 Re7 21.f4 Qa5 22.f5 g5
23.c5 d5 24.h4 h6 25.Qd4 Kf7 26.hxg5 hxg5 27.Nc3 Rh8 28.Rae1 Rhe8 29.b4 Qa3
30.Re6 Rxe6 31.fxe6+ Rxe6 32.b5 Kg6 33.bxc6 Rxc6 34.Kh2 Qb2 35.Rf2 Qa1 36.Qd3+ Kg7
37.Rf1 Qb2 38.Qd4 Re6 39.Rb1 Qc2 40.Rb7 Qf5 41.Nxd5 Qxd5 42.Rxc7+ Kg6 43.Qxd5 Nxd5
44.Rxa7 Rc6 45.Ra5 Nc3 46.Kh3 Kf5 47.a4 Kf4 48.Kh2 g4 49.Ra8 g3+ 50.Kg1 Rxc5
51.Rf8+ Ke3 52.Rf3+ Kd2  0-1

[Event "TCh-FIN SM 2012-13"]
[Site "Oulu FIN"]
[Date "2012.10.27"]
[Round "4.6"]
[White "Kononen,K"]
[Black "Halmeenmaki,T"]
[Result "0-1"]
[WhiteElo "2236"]
[BlackElo "2154"]

1.d4 Nf6 2.Nf3 g6 3.c4 Bg7 4.Nc3 O-O 5.e4 d6 6.Be2 Na6 7.O-O e5 8.Be3 Ng4
9.Bg5 Qe8 10.Re1 exd4 11.Nd5 f6 12.Bf4 d3 13.Qxd3 Ne5 14.Qc2 Qf7 15.Rad1 c6
16.Ne3 Qe7 17.Nd4 Nc5 18.Bg3 Nf7 19.f3 f5 20.Nb3 fxe4 21.Nxc5 dxc5 22.fxe4 Bd4
23.Bf2 Ne5 24.Bd3 Qg5 25.Kh1 Rxf2 26.Qxf2 Ng4 27.Nxg4 Bxf2 28.Nxf2 Qe5 29.Be2 Be6
30.Bg4 Rf8 31.Nd3 Qf6 32.e5 Qe7 33.Bxe6+ Qxe6 34.Nxc5 Qe7 35.Nd7 Rf2 36.Nf6+ Kf8
37.Kg1 Rxb2 38.Rd7 Qc5+ 39.Kh1 Qxe5 40.Nxh7+ Kg8 41.Rdd1 Rd2 42.Rb1 Rb2 43.Rbd1 Re2
44.Nf6+ Kg7 45.Rf1 Qxf6 46.Rxf6 Kxf6  0-1

[Event "Chigorin Memorial"]
[Site "St Petersburg RUS"]
[Date "2012.10.27"]
[Round "1.149"]
[White "Pavlov,Aleks"]
[Black "Rybakova,Polina"]
[Result "1-0"]
[WhiteElo "2300"]
[BlackElo "1787"]

1.d4 Nf6 2.c4 g6 3.Nc3 Bg7 4.e4 d6 5.Nf3 O-O 6.Be2 Nbd7 7.O-O e5 8.Re1 Re8
9.Bf1 Nh5 10.Bg5 f6 11.Be3 Nf8 12.Qc2 c6 13.Rad1 Qc7 14.h3 f5 15.c5 exd4
16.cxd6 Qxd6 17.Nxd4 f4 18.Bc4+ Kh8 19.Nf5 Qc7 20.Nxg7 Nxg7 21.Bc5 Qe5 22.Bd6 Qg5
23.Qd3 Nfe6 24.Qf3 b5 25.Bb3 Bb7 26.e5 a5 27.a3 Nf5 28.Ne4 Qh4 29.Bxe6 Rxe6
30.Nc5 Nxd6 31.exd6 Rxe1+ 32.Rxe1 Rb8 33.Qc3+ Kg8 34.Re7 Qh6 35.Ne6 b4 36.Rg7+ Kh8
37.Rxb7+  1-0

[Event "Chigorin Memorial"]
[Site "St Petersburg RUS"]
[Date "2012.10.27"]
[Round "1.19"]
[White "Socko,B"]
[Black "Kiselev,P"]
[Result "1-0"]
[WhiteElo "2619"]
[BlackElo "2188"]

1.d4 Nf6 2.c4 g6 3.Nc3 Bg7 4.e4 d6 5.Nf3 O-O 6.Be2 e5 7.Be3 Na6 8.O-O h6
9.h3 exd4 10.Nxd4 Nc5 11.Qc2 Re8 12.Bf3 Ne6 13.Nxe6 Bxe6 14.e5 Bf5 15.Qc1 Rxe5
16.Bxb7 Rb8 17.Bc6 Bd3 18.Rd1 Bxc4 19.Bxa7 Rb4 20.a3 Rb3 21.Qf4 Bb5 22.Bxb5 Rexb5
23.Nxb5 Rxb5 24.Bd4 c5 25.Bxf6 Qxf6 26.Qxf6 Bxf6 27.Rxd6 Bd4 28.Rb1 Rb3 29.a4 Kf8
30.a5 Rb5 31.b4  1-0

[Event "Chigorin Memorial"]
[Site "St Petersburg RUS"]
[Date "2012.10.27"]
[Round "1.44"]
[White "Basencyan,M"]
[Black "Onischuk,V"]
[Result "0-1"]
[WhiteElo "2139"]
[BlackElo "2558"]

1.d4 d6 2.c4 g6 3.Nc3 Bg7 4.e4 Nf6 5.Nf3 O-O 6.Be2 Nbd7 7.O-O e5 8.Re1 c6
9.Bf1 b6 10.d5 c5 11.a3 h6 12.b4 Ne8 13.Nd2 f5 14.f3 h5 15.Bd3 Bh6 16.exf5 gxf5
17.Qc2 Qh4 18.Bb2 Qg5 19.Nf1 e4 20.fxe4 Ne5 21.exf5 Nf3+ 22.Kh1 Nxe1 23.Rxe1 Bxf5
24.Bxf5 Qxf5 25.Qe2 Ng7 26.Ne4 Rae8 27.Nfg3 Qg6 28.h4 Bf4 29.Bxg7 Bxg3 30.Bxf8 Bxe1
31.Nf6+ Kxf8 32.Nxe8 Qxe8 33.Qf3+ Kg7  0-1

[Event "Vizag GM Open 2012"]
[Site "Visakhapatnam IND"]
[Date "2012.10.27"]
[Round "2.15"]
[White "Ramakrishna,J"]
[Black "Iuldachev,S"]
[Result "0-1"]
[WhiteElo "2224"]
[BlackElo "2458"]

1.d4 Nf6 2.c4 d6 3.Nc3 Nbd7 4.e4 e5 5.Nf3 g6 6.Be2 Bg7 7.O-O O-O 8.Re1 h6
9.b3 Nh7 10.Bb2 Ng5 11.Nxg5 hxg5 12.d5 f5 13.b4 g4 14.c5 Nf6 15.Bf1 Rf7 16.Rc1 Bf8
17.c6 b6 18.Rc2 f4 19.f3 Rh7 20.g3 g5 21.Bc1 Kh8 22.fxg4 Bxg4 23.Qd3 Qe8
24.gxf4 gxf4 25.h3 Qh5 26.Rh2 Be7 27.Bg2 Rg8 28.Kh1 f3 29.Bf1 Bxh3  0-1

[Event "Chigorin Memorial"]
[Site "St Petersburg RUS"]
[Date "2012.10.28"]
[Round "2.154"]
[White "Aseev,Vladimir"]
[Black "Shakirova,Renata"]
[Result "1-0"]
[WhiteElo "2095"]
[BlackElo "1756"]

1.d4 Nf6 2.c4 g6 3.Nc3 Bg7 4.e4 d6 5.Nf3 O-O 6.Be2 Nbd7 7.O-O e5 8.Re1 c6
9.Bf1 Re8 10.d5 Nc5 11.b4 Ncxe4 12.Nxe4 Nxe4 13.Rxe4 f5 14.Re1 e4 15.Bg5 Qd7
16.Nd4 c5 17.bxc5 dxc5 18.Ne6 Bxa1 19.Qxa1 b6 20.Bf4 Rxe6 21.dxe6 Qxe6 22.Qc3 Ba6
23.Rd1 Qe7 24.Bc1 Kf7 25.Bb2 Rg8 26.f3 e3 27.f4 g5 28.Be2 g4 29.Rd5 Kg6 30.Re5 Qf7
31.Qd3 Re8 32.Rxe8 Qxe8 33.Bxg4 Bxc4 34.Qxf5+ Kh6 35.Qg5+  1-0

[Event "Chigorin Memorial"]
[Site "St Petersburg RUS"]
[Date "2012.10.28"]
[Round "2.38"]
[White "Savchenko,B"]
[Black "Cherednichenko,S"]
[Result "1-0"]
[WhiteElo "2540"]
[BlackElo "2311"]

1.d4 Nf6 2.c4 g6 3.Nc3 Bg7 4.e4 d6 5.Nf3 O-O 6.Be2 e5 7.d5 a5 8.O-O Na6 9.Bg5 Qd7
10.Nd2 Nc5 11.b3 Ne8 12.a3 f5 13.f3 f4 14.Bh4 Bf6 15.Bf2 Qe7 16.b4 axb4 17.axb4 Rxa1
18.Qxa1 Na6 19.Qa5 Bh4 20.Bxh4 Qxh4 21.c5 dxc5 22.bxc5 Qe7 23.Bxa6 bxa6 24.Na2 g5
25.Nb4 g4 26.Nc6 Qg7 27.Qc3 gxf3 28.Rxf3 Bg4 29.Rf2 Nf6 30.Qxe5 f3 31.d6 fxg2
32.Ne7+ Kh8 33.dxc7 Qh6 34.Nd5 Bf3 35.Rxf3 Qxd2 36.Qxf6+ Rxf6 37.c8=Q+ Kg7
38.Qc7+ Kh8 39.Qd8+  1-0

[Event "Chigorin Memorial"]
[Site "St Petersburg RUS"]
[Date "2012.10.28"]
[Round "2.150"]
[White "Kostyuchenko,V"]
[Black "Shuvalov,Arvind"]
[Result "1-0"]
[WhiteElo "2101"]
[BlackElo "1789"]

1.d4 Nf6 2.c4 g6 3.Nc3 Bg7 4.e4 d6 5.Be2 O-O 6.Nf3 e5 7.d5 a5 8.O-O Na6 9.Ne1 Nc5
10.Bg5 h6 11.Bxf6 Bxf6 12.Nd3 Nxd3 13.Qxd3 Bg7 14.a3 a4 15.Bd1 Bd7 16.Bc2 f5
17.Qd1 Qe8 18.b4 axb3 19.Bxb3 f4 20.Qd3 g5 21.Nb5 Rc8 22.a4 Qh5 23.f3 g4
24.fxg4 Bxg4 25.Bd1 Rf6 26.a5 Rg6 27.a6 bxa6 28.Rxa6 Bxd1 29.Qxd1 Qg5 30.Qf3 Qh4
31.Rfa1 Kh7 32.Rc6 Ra8 33.Rxa8 Qe1+ 34.Qf1 Qe3+ 35.Kh1 f3 36.Ra2 Rf6 37.gxf3 Rxf3
38.Qe2 Qc1+ 39.Kg2 Rf6 40.Ra3 Qb1 41.Rxc7 Rf4 42.Rg3  1-0

[Event "Chigorin Memorial"]
[Site "St Petersburg RUS"]
[Date "2012.10.29"]
[Round "3.17"]
[White "Gladyszev,O"]
[Black "Onischuk,V"]
[Result "1-0"]
[WhiteElo "2446"]
[BlackElo "2558"]

1.d4 d6 2.Nf3 Nf6 3.c4 g6 4.Nc3 Bg7 5.e4 O-O 6.Be2 Nbd7 7.O-O e5 8.Be3 c6
9.Qc2 Qe7 10.Rad1 h6 11.d5 c5 12.g3 Nh5 13.Kh1 Ndf6 14.Ng1 Ng4 15.Bc1 f5
16.f3 Nxh2 17.Kxh2 f4 18.g4 Ng3 19.Nh3 Qh4 20.Rg1 h5 21.Rd3 Kf7 22.Nd1 Rh8
23.Nf2 g5 24.Rg2 Bd7 25.Kg1 Rh7 26.Ra3 Rah8 27.Bd1 a6 28.Rh2 Bf6 29.Bd2 Ke7
30.Be1 hxg4 31.fxg4 Qh6 32.Nh1 Nxh1 33.Rxh1 b5 34.Qg2 b4 35.Rxa6 Qf8 36.Ba4 Bc8
37.Ra7+ Kd8 38.Rxh7 Rxh7 39.Nf2 Rc7 40.Bb3 Bg7 41.Qh3 Bd7 42.Qh7 Be8 43.Bd2 Re7
44.Kf1 Bf6 45.Qh6 Rg7 46.Ke2 Ke7 47.Qh3 Bg6 48.Ba4 Qa8 49.Qb3 Rg8 50.Bc6 Qc8
51.a3  1-0

[Event "Chigorin Memorial"]
[Site "St Petersburg RUS"]
[Date "2012.10.29"]
[Round "3.57"]
[White "Yagupov,I"]
[Black "Naboka,S"]
[Result "1/2-1/2"]
[WhiteElo "2465"]
[BlackElo "2256"]

1.d4 Nf6 2.c4 g6 3.Nc3 Bg7 4.e4 d6 5.Nf3 O-O 6.Be2 e5 7.O-O c6 8.Re1 Qc7
9.d5 Na6 10.Bf1 Bd7 11.Bd2 Rac8 12.a3 cxd5 13.exd5 Qb6 14.b4 Ng4 15.Qe2 e4
16.Nxe4 Rce8 17.h3 f5 18.hxg4 fxe4 19.Nh2 Bxa1 20.Rxa1 Qd4 21.Ra2 b5 22.Be3 Qe5
23.Bxa7 Ra8 24.Qe3 Nc7 25.Bd4 Qf4 26.Qb3 bxc4 27.Bxc4 Qc1+ 28.Nf1 Ba4 29.Qc3 Qxc3
30.Bxc3 Bb5 31.Bb3 Ba4 32.Bc4 Rfc8 33.Ne3 Bb5 34.Bb3 Bd3 35.a4 Na6 36.Bd2 Rcb8
37.Nc2 Bxc2 38.Rxc2 Nxb4 39.Rc3 Nd3 40.Be3 Rc8 41.Rc6 Rab8 42.a5 Ne5 43.Rxc8+ Rxc8
44.a6 Ra8 45.a7 Nd7 46.Bf4 Rxa7 47.Bxd6 Nf6 48.f3 e3 49.Kf1 Rb7 50.Bc4 Kf7
51.g5 Rd7 52.Bc5 Nxd5 53.Bxe3 Ke6 54.Kf2 Rc7 55.Bxd5+ Kxd5 56.g4 Rc3 57.Bb6 Rb3
58.Ba7 Rb7 59.Be3 Kc4 60.f4 Kd3 61.Kf3 Rb5 62.Bf2 Rd5 63.Be3 Ra5 64.Bf2 Rb5
65.Be3 Rd5 66.Bf2 Rb5 67.Be3 Rd5 68.Bf2 Rb5 69.Be3 Rd5 70.Bf2 Rb5  1/2-1/2

[Event "Chigorin Memorial"]
[Site "St Petersburg RUS"]
[Date "2012.10.29"]
[Round "3.120"]
[White "Syrchikov,A"]
[Black "Dyakov,Vladislav"]
[Result "1-0"]
[WhiteElo "2208"]
[BlackElo "1854"]

1.d4 Nf6 2.Nf3 g6 3.c4 Bg7 4.Nc3 O-O 5.e4 d6 6.Be2 e5 7.dxe5 dxe5 8.Qxd8 Rxd8
9.Bg5 Re8 10.Nd5 Nxd5 11.cxd5 c6 12.Bc4 cxd5 13.Bxd5 Na6 14.O-O-O Nc7 15.Bb3 Be6
16.Bxe6 Nxe6 17.Be3 f5 18.Kb1 Red8 19.Ng5 Nc7 20.Rxd8+ Rxd8 21.Rc1 Rd7 22.f3 Bh6
23.h4 b6 24.g3 Bf8 25.Rc6 Bd6 26.a4 h6 27.Nh3 Kh7 28.h5 fxe4 29.hxg6+ Kxg6
30.fxe4 Kh7 31.Nf2 Ne6 32.Ng4 Kg7 33.Nxh6 Bc5 34.Rxe6 Bxe3 35.Nf5+ Kf7 36.Rxe5 Bd4
37.Rd5 Rxd5 38.exd5 Be5 39.Kc2 Kf6 40.g4 Kg5 41.d6 Kf6 42.d7 Bc7 43.Nd4 Ke7
44.d8=Q+ Bxd8 45.Nc6+ Kd7 46.Nxd8 Kxd8  1-0

[Event "Chigorin Memorial"]
[Site "St Petersburg RUS"]
[Date "2012.10.29"]
[Round "3.52"]
[White "Minko,V"]
[Black "Levin,Ev"]
[Result "0-1"]
[WhiteElo "2293"]
[BlackElo "2516"]

1.d4 Nf6 2.c4 g6 3.Nc3 Bg7 4.e4 d6 5.Nf3 O-O 6.Be2 Nbd7 7.O-O e5 8.dxe5 dxe5
9.h3 c6 10.Be3 Qe7 11.Qc2 Nh5 12.Ne1 Nf4 13.Nd3 Nxd3 14.Bxd3 Nc5 15.Be2 Ne6
16.Rad1 f5 17.exf5 gxf5 18.f3 Nd4 19.Qc1 Be6 20.Bd3 Rad8 21.Ne2 c5 22.Nc3 Kh8
23.Bg5 Bf6 24.Bxf6+ Qxf6 25.Qe3 Qg7 26.Qf2 e4 27.Be2 exf3 28.Bxf3 Bxc4 29.Rfe1 Rd6
30.Be2 Bg8 31.Nb5 Rd7 32.b4 a6 33.Nxd4 cxd4 34.Bd3 Bd5 35.Kh2 Be4 36.Rf1 Rg8
37.g3 Re8 38.Rfe1 Qe5 39.Rd2 Qd6 40.Red1 Qxb4 41.Bxe4 Rxe4 42.Qxf5 Qe7 43.h4 Rd8
44.Rf1 d3 45.Kh3 Re5 46.Qg4 Re3 47.Rf3 Rxf3 48.Qxf3 Qd7+ 49.Kg2 Kg7 50.Qf4 Qd5+
51.Kh2 b5 52.Qg4+ Kh8 53.Qb4 Qd6 54.Qe4 a5 55.Qf5 Qd5 56.Qf6+ Kg8 57.Rxd3 Qxa2+
58.Kh3 Rxd3 59.Qg5+ Kf8 60.Qf5+ Qf7 61.Qxd3 Qe6+ 62.Kh2 Qa2+ 63.Kh3 Qe6+
64.Kh2 b4 65.Qd8+ Kf7 66.Qxa5 Qe2+ 67.Kh3 Qe6+ 68.Kh2 b3 69.Qc7+ Kg6 70.Qb7 h5
71.Qb5 Qe3 72.Qc6+ Kf5 73.Qd5+ Kf6 74.Qd6+ Qe6 75.Qf4+ Ke7 76.Qc7+ Ke8 77.Qb8+ Kd7
78.Qb7+ Kd6 79.Qb6+ Ke7 80.Qc7+ Kf8 81.Qf4+ Qf7 82.Qb8+ Ke7 83.Qc7+ Kf6 84.Qf4+ Kg6
85.Qe4+ Kh6 86.Qe3+ Kh7 87.Qd3+ Kg8 88.Qd8+ Kg7 89.Qd4+ Qf6 90.Qd7+ Qf7 91.Qd4+ Kg6
92.Qd3+ Kf6 93.Qc3+ Kf5 94.Qf3+ Kg6 95.Qd3+ Kf6 96.Qc3+ Ke7 97.Qc7+ Kf8 98.Qb8+ Kg7
99.Qe5+ Qf6 100.Qxh5 b2 101.Qg4+ Kh6 102.Qd1 Qf2+ 103.Kh1 Qb6 104.Qd2+ Kh7
105.Qd7+ Kg6 106.Qg4+ Kf6 107.Qf4+ Ke7 108.Qe5+ Kd7 109.Qd5+ Kc8 110.Qf5+ Kc7
111.Qe5+ Kd7 112.Qd5+ Ke7 113.Qe5+ Kf7 114.Qf5+ Qf6 115.Qd7+ Kg8 116.Qg4+ Kh8
117.Qc8+ Kh7 118.Qd7+ Kg6 119.Qd3+ Kf7 120.Qd7+ Kf8 121.Qc8+ Ke7 122.Qc7+ Ke6
123.Qb6+ Kf5 124.g4+ Kg6 125.h5+ Kg5 126.Qb5+ Kxg4 127.Qb4+ Kg3 128.Qb8+ Kf2
129.Qh2+ Ke1 130.Qg3+ Qf2 131.Qc3+ Qd2 132.Qb3 Qc1 133.Qe6+ Kf2+  0-1

[Event "Chigorin Memorial"]
[Site "St Petersburg RUS"]
[Date "2012.10.29"]
[Round "3.115"]
[White "Doronkin,Grigory"]
[Black "Afanasiev,Nikita"]
[Result "0-1"]
[WhiteElo "1942"]
[BlackElo "2224"]

1.d4 Nf6 2.c4 g6 3.Nc3 Bg7 4.e4 d6 5.Nf3 O-O 6.Be2 e5 7.Be3 Nbd7 8.O-O exd4
9.Nxd4 c6 10.Qc2 a5 11.Rad1 Re8 12.Rfe1 a4 13.f3 Qa5 14.Rb1 Nc5 15.b4 axb3
16.axb3 Na6 17.Ra1 Qc7 18.Qd2 Bd7 19.Kh1 Rad8 20.Rab1 Qa5 21.Ra1 Qe5 22.f4 Nxe4
23.fxe5 Nxd2 24.Bxd2 dxe5 25.Ndb5 cxb5 26.Nd5 e4 27.Rab1 e3 28.Ba5 Bf5 29.Rbd1 Rd7
30.cxb5 Nc5 31.Nc7 Red8 32.Rxd7 Rxd7 33.Bc4 Be4 34.b6 Bd4 35.Bb5 Rd8 36.Bb4 Nd3
37.Bxd3 Bxd3 38.Be7 Rd7 39.Bg5 e2  0-1

[Event "Chigorin Memorial"]
[Site "St Petersburg RUS"]
[Date "2012.10.29"]
[Round "3.76"]
[White "Krivenko,S"]
[Black "Nikitinyh,B"]
[Result "1-0"]
[WhiteElo "2341"]
[BlackElo "2142"]

1.d4 Nf6 2.c4 d6 3.Nf3 g6 4.Nc3 Bg7 5.e4 O-O 6.Be2 e5 7.d5 Nbd7 8.Be3 Ng4
9.Bg5 f6 10.Bh4 Nh6 11.Nd2 a5 12.a3 Nc5 13.b4 axb4 14.axb4 Rxa1 15.Qxa1 Na6
16.Qa3 g5 17.Bg3 f5 18.f3 f4 19.Bf2 g4 20.c5 Kh8 21.c6 bxc6 22.Bxa6 cxd5
23.Nxd5 c6 24.Nc3 Be6 25.Bb7 Qc7 26.Qa6 Bc8 27.Bxc8 Rxc8 28.O-O Rg8 29.Rc1 gxf3
30.gxf3 Bf6+ 31.Kh1 Qd7 32.Ne2 Qh3 33.Rg1 Rxg1+ 34.Nxg1 Qd7 35.Qa7 Qc8 36.Nc4 d5
37.Nd6 Qf8 38.Bc5 Be7 39.Nf7+ Qxf7 40.Qxe7 Qxe7 41.Bxe7 Kg7 42.exd5 cxd5
43.b5 Nf5 44.Bc5 d4 45.Ne2  1-0

[Event "Vizag GM Open 2012"]
[Site "Visakhapatnam IND"]
[Date "2012.10.29"]
[Round "6.13"]
[White "Chatterjee,D"]
[Black "Harutjunyan,G"]
[Result "0-1"]
[WhiteElo "2318"]
[BlackElo "2446"]

1.d4 Nf6 2.c4 d6 3.Nf3 g6 4.Nc3 Bg7 5.e4 O-O 6.Be2 Nbd7 7.O-O e5 8.Re1 a6
9.Rb1 exd4 10.Nxd4 Re8 11.Bf1 c6 12.Nb3 Qc7 13.Bf4 Ne5 14.h3 Be6 15.Rc1 Nh5
16.Bh2 Bh6 17.Rc2 Bxc4 18.Bxc4 Nxc4 19.Ne2 b5 20.Nbd4 c5 21.a4 cxd4 22.b3 d3
23.Qxd3 Qa5  0-1

[Event "12th Sautron Open"]
[Site "Sautron FRA"]
[Date "2012.10.30"]
[Round "5.2"]
[White "Koziak,V"]
[Black "Zubarev,Al1"]
[Result "1/2-1/2"]
[WhiteElo "2503"]
[BlackElo "2583"]

1.d4 Nf6 2.c4 g6 3.Nc3 Bg7 4.e4 d6 5.Nf3 O-O 6.Be2 Nbd7 7.O-O e5 8.Be3 Qe7
9.dxe5 dxe5 10.Nd5 Qd8 11.Qc2 Ne8 12.c5 c6 13.Nc3 Qe7 14.b4 f5 15.exf5 gxf5
16.Bc4+ Kh8 17.Bg5 Ndf6 18.Nh4 e4 19.Ne2 Nc7 20.Nf4 Qe8 21.Qb3 Nfd5 22.Qh3 Nxf4
23.Bxf4 Nd5 24.Bd6 Rf6 25.Qb3 Rh6 26.g3 Be6 27.Ng2 Qh5 28.h4 Qf7 29.Rad1 Nc3
30.Bxe6 Qxe6 31.Qxe6 Rxe6 32.Rd2 Rd8 33.Ne3 Rf6 34.Rc1 Rf7 35.Rxc3 Bxc3 36.Be5+ Bxe5
37.Rxd8+ Kg7 38.Nc4 Bc7 39.Ra8 a6 40.Ra7 Bb8  1/2-1/2

[Event "Chigorin Memorial"]
[Site "St Petersburg RUS"]
[Date "2012.10.30"]
[Round "4.5"]
[White "Cori,J"]
[Black "Demchenko,A"]
[Result "0-1"]
[WhiteElo "2522"]
[BlackElo "2610"]

1.d4 Nf6 2.c4 g6 3.Nc3 Bg7 4.Nf3 O-O 5.e4 d6 6.Be2 Nbd7 7.O-O e5 8.dxe5 Nxe5
9.Nxe5 dxe5 10.Be3 c6 11.b4 Be6 12.a4 Qxd1 13.Rfxd1 a5 14.bxa5 Rxa5 15.Rab1 Bc8
16.Bb6 Ra8 17.a5 Re8 18.Rd8 Bf8 19.Rxe8 Nxe8 20.Na4 Be7 21.c5 Be6 22.Kf1 Kf8
23.Ke1 h5 24.Kd2 Nf6 25.f3 Ne8 26.Bd3 g5 27.h3 g4 28.hxg4 hxg4 29.Ke2 Kg7
30.Kf2 Kg6 31.Ke2 g3 32.a6 bxa6 33.Ba5 Ng7 34.Rb7 Bg5 35.Nb6 Rh8 36.Nd7 f6
37.Rb8 Rh2 38.Nf8+ Kh6 39.Kf1 Rh1+ 40.Ke2 Rg1 41.Be1 Rxg2+ 42.Kd1 Rg1  0-1

[Event "Chigorin Memorial"]
[Site "St Petersburg RUS"]
[Date "2012.10.30"]
[Round "4.23"]
[White "Durarbayli,V"]
[Black "Malakhov,I"]
[Result "1/2-1/2"]
[WhiteElo "2584"]
[BlackElo "2429"]

1.d4 Nf6 2.c4 g6 3.Nc3 Bg7 4.e4 d6 5.Nf3 O-O 6.Be2 e5 7.O-O Nbd7 8.Re1 c6
9.Bf1 Qb6 10.d5 Nc5 11.Rb1 a5 12.a3 Ng4 13.b4 axb4 14.axb4 Nxf2 15.Qc2 Nfd3
16.Be3 Nxe1 17.Nxe1 Ra3 18.bxc5 Qa5 19.Rb3 Rxb3 20.Qxb3 cxd5 21.cxd5 dxc5
22.Nd3 b6 23.Na4 c4 24.Bxb6 Qa6 25.Ndc5 cxb3 26.Nxa6 Bxa6 27.Bxa6 Ra8 28.Bb5 Bf8
29.Bc7 b2 30.Nxb2 Ra1+ 31.Kf2 Ra2 32.Bxe5 Bg7 33.Bc4 Bxe5 34.Bxa2 Bxb2 35.d6 Be5
36.d7 Bc7 37.e5 Kf8 38.e6 fxe6 39.Bxe6 Ke7 40.Bh3 h5 41.g3 g5 42.Kf3  1/2-1/2

[Event "Chigorin Memorial"]
[Site "St Petersburg RUS"]
[Date "2012.10.30"]
[Round "4.44"]
[White "Monin,N"]
[Black "Ionov,S"]
[Result "0-1"]
[WhiteElo "2325"]
[BlackElo "2550"]

1.d4 Nf6 2.Nf3 g6 3.c4 Bg7 4.Nc3 O-O 5.e4 d6 6.Be2 Nbd7 7.O-O e5 8.Be3 c6
9.Qc2 Qe7 10.dxe5 dxe5 11.Rad1 Re8 12.a3 Nf8 13.b4 Bg4 14.Bc5 Qe6 15.Ng5 Qc8
16.Bxg4 Qxg4 17.Nf3 Qe6 18.Ne2 a5 19.h3 axb4 20.axb4 Red8 21.Ng5 Qe8 22.Rxd8 Rxd8
23.Nc3 Ne6 24.Nxe6 Qxe6 25.Rd1 Rd7 26.Qe2 Bf8 27.Bxf8 Kxf8 28.f3 Rxd1+ 29.Nxd1 Qd6
30.b5 Qd4+ 31.Kh2 Nh5 32.bxc6 bxc6 33.g3 Nxg3 34.Kxg3 Qg1+ 35.Kh4 g5+ 36.Kh5 Qg3
37.Qf2 Qxh3+ 38.Kxg5 h6+  0-1

[Event "Chigorin Memorial"]
[Site "St Petersburg RUS"]
[Date "2012.10.30"]
[Round "4.7"]
[White "Gladyszev,O"]
[Black "Zhigalko,A"]
[Result "1/2-1/2"]
[WhiteElo "2446"]
[BlackElo "2582"]

1.d4 Nf6 2.c4 g6 3.Nc3 Bg7 4.e4 d6 5.Be2 O-O 6.Nf3 e5 7.O-O exd4 8.Nxd4 Re8
9.f3 c6 10.Kh1 Nh5 11.g4 Nf6 12.Bf4 h5 13.g5 Nh7 14.Qd2 Qe7 15.Rad1 Na6 16.Rg1 Nf8
17.Bf1 Nd7 18.Bg3 Nb6 19.b3 Nc5 20.Bg2 a5 21.Nde2 Be5 22.f4 Bg7 23.Qxd6 Qxd6
24.Rxd6 Bg4 25.e5 Bf8 26.Rdd1 a4 27.Bf2 axb3 28.axb3 Ra3 29.b4 Nca4 30.Ra1 Bxb4
31.Rxa3 Bxa3 32.Rb1 Nxc4 33.Nxa4 Bxe2 34.Rxb7 Ra8 35.Nc3 Bg4 36.h3 Be6 37.Rb1 Bb2
38.Nd1 Bf5 39.Nxb2 Bxb1 40.Nxc4 Ra1 41.Kh2 Ra4 42.Nd2 Rxf4 43.Be3 Rb4 44.Nxb1 Rxb1
45.Bxc6 Rb3 46.Bf4 Kf8  1/2-1/2

[Event "Chigorin Memorial"]
[Site "St Petersburg RUS"]
[Date "2012.10.30"]
[Round "4.62"]
[White "Zalkind,K"]
[Black "Aitbayev,A"]
[Result "0-1"]
[WhiteElo "2232"]
[BlackElo "2416"]

1.d4 Nf6 2.c4 g6 3.Nc3 Bg7 4.e4 d6 5.Nf3 O-O 6.Be2 e5 7.Be3 Ng4 8.Bg5 f6
9.Bh4 g5 10.Bg3 Nh6 11.h3 exd4 12.Nxd4 Nc6 13.Nxc6 bxc6 14.O-O f5 15.exf5 Bxf5
16.Rc1 Rb8 17.b3 Qf6 18.Qd2 Qg6 19.f3 Rbe8 20.Bf2 Be5 21.Be3 Nf7 22.g4 Bd7
23.Ne4 h6 24.Bd3 Qg7 25.f4 gxf4 26.Bxf4 h5 27.g5 Bxh3 28.Rf3 Nxg5 29.Bxg5 Rxf3
30.Kh1 Bf5 31.Rg1 Rh3+  0-1

[Event "Chigorin Memorial"]
[Site "St Petersburg RUS"]
[Date "2012.10.30"]
[Round "4.117"]
[White "Kiselev,P"]
[Black "Atabayeva,O"]
[Result "1-0"]
[WhiteElo "2188"]
[BlackElo "1990"]

1.d4 Nf6 2.Nf3 g6 3.c4 Bg7 4.Nc3 O-O 5.e4 d6 6.Be2 e5 7.Be3 Nbd7 8.O-O Re8
9.d5 Nc5 10.Nd2 a5 11.b3 Bd7 12.a3 Na6 13.Rb1 Qc8 14.f3 Nh5 15.Re1 f5 16.b4 axb4
17.axb4 f4 18.Bf2 g5 19.c5 Bf8 20.Bxa6 Rxa6 21.b5 Ra3 22.Qc1 Qb8 23.Nc4 Rxc3
24.Qxc3 dxc5 25.d6 cxd6 26.Nb6 Qd8 27.Nxd7 Qxd7 28.Qc4+ Kh8 29.Red1 Qg7 30.h3 Nf6
31.Ra1 h5 32.Kf1 Nd7 33.b6 Nxb6 34.Qb5 Nd7 35.Bxc5 Re6 36.Bf2 Rg6 37.Qxb7 g4
38.hxg4 hxg4 39.Ke2 gxf3+ 40.gxf3 Nf6 41.Ra7 Qxb7 42.Rxb7 Rg7 43.Rxg7 Kxg7
44.Bh4 Kf7 45.Bxf6 Kxf6 46.Kd3 Ke6 47.Kc4 Be7 48.Kb5 Kd7 49.Rh1 Bd8 50.Rh7+ Be7
51.Rg7 Ke6 52.Kc6 Kf6 53.Rh7 Bf8 54.Kd5 Be7 55.Rh6+ Kg5 56.Re6 Bf8 57.Re8 Bg7
58.Kxd6 Kh4 59.Rg8 Bf6 60.Ke6 Bg5 61.Kxe5 Kg3 62.Rxg5+ Kxf3 63.Rf5  1-0

[Event "Chigorin Memorial"]
[Site "St Petersburg RUS"]
[Date "2012.10.31"]
[Round "5.95"]
[White "Sarana,A"]
[Black "Martynov,P2"]
[Result "0-1"]
[WhiteElo "2118"]
[BlackElo "2303"]

1.c4 Nf6 2.Nc3 g6 3.e4 d6 4.d4 Bg7 5.Nf3 O-O 6.Be2 e5 7.O-O Nbd7 8.Be3 Re8
9.Qc2 c6 10.dxe5 dxe5 11.b4 Nh5 12.g3 Qe7 13.a3 Nf8 14.Rad1 Bh3 15.Rfe1 Ne6
16.Kh1 Bg4 17.Ng1 Bxe2 18.Ngxe2 Nf6 19.f3 h5 20.Rd3 Red8 21.Red1 Rxd3 22.Rxd3 Nh7
23.Qd2 a5 24.Rd7 Qf6 25.Kg2 axb4 26.axb4 g5 27.Rxb7 g4 28.f4 exf4 29.gxf4 Qh4
30.Ng1 Rd8 31.Qc2 Qe1 32.Nce2 h4 33.e5 Rd1 34.Qe4 Qf1+ 35.Kh1 Qxe2 36.Qxc6 Nhf8
37.Bc5 Nxf4 38.e6 h3 39.exf7+ Kh8 40.Qh6+ Bxh6 41.Bd4+ Bg7  0-1

[Event "Chigorin Memorial"]
[Site "St Petersburg RUS"]
[Date "2012.10.31"]
[Round "5.165"]
[White "Kholova,Elena"]
[Black "Belkina,Yulia"]
[Result "1/2-1/2"]
[WhiteElo "1736"]
[BlackElo "1850"]

1.d4 Nf6 2.Nf3 g6 3.c4 Bg7 4.Nc3 O-O 5.e4 d6 6.Be2 Nbd7 7.O-O e5 8.Re1 exd4
9.Nxd4 Nc5 10.Bf3 Nfd7 11.Be3 Ne5 12.Be2 Ne6 13.f4 Nxd4 14.Bxd4 Nc6 15.Bxg7 Kxg7
16.Nd5 f5 17.exf5 Bxf5 18.Bd3 Nd4 19.Bxf5 Nxf5 20.g4 c6 21.gxf5 cxd5 22.Qd4+ Kh6
23.fxg6 hxg6 24.cxd5 Qh4 25.Re4 Rae8 26.Rxe8 Rxe8 27.Qf2 Qg4+ 28.Qg3 Qxg3+
29.hxg3 Re2 30.b4 Rd2 31.a4 Rxd5 32.Kf2 g5 33.Kf3 Rd3+ 34.Kg4 gxf4 35.gxf4 Rd4
36.b5 Kg6 37.Ra2 d5 38.Ra1 Kf6 39.Ra2 Rd1 40.Rb2 Rd4 41.Ra2 b6 42.a5 Rb4
43.axb6 axb6 44.Rc2 Rxb5 45.Rc6+ Ke7 46.Kf5 Rb4 47.Ke5 d4 48.Re6+ Kf7 49.Rf6+ Ke7
50.Re6+ Kf7  1/2-1/2